书目信息 |
| 题名: |
万物之尺
|
|
| 作者: | 奥尔德 著 ;张庆 译 | |
| 分册: | ||
| 出版信息: | 北京 当代中国出版社 2004 |
|
| 页数: | 23,280页 | |
| 开本: | 23cm | |
| 丛书名: | ||
| 单 册: | ||
| 中图分类: | TB911-091 , N49 | |
| 科图分类: | ||
| 主题词: | 米制--历史--世界 , 自然科学--普及读物 | |
| 电子资源: | ||
| ISBN: | 7-80170-348-0 | |
| 000 | 00902nam0 2200277 450 | |
| 001 | 1532853601 | |
| 005 | 20150119090801.68 | |
| 010 | @a7-80170-348-0@dCNY28.50 | |
| 100 | @a20050310d2004 em y0chiy50 ea | |
| 101 | 1 | @achi@ceng |
| 102 | @aCN@b110000 | |
| 105 | @aa z 000yy | |
| 200 | 1 | @a万物之尺@9wan wu zhi chi@f(美)肯·奥尔德(Ken Alder)著@g张庆译 |
| 210 | @a北京@c当代中国出版社@d2004 | |
| 215 | @a23,280页@c图@d23cm | |
| 305 | @a作者授权出版 | |
| 330 | @a本书记录了人类科学史上发生的一段故事,首次披露了200年前米制确立存在惊人误差,真实重现了动荡历史中丈量地球的艰辛历程。 | |
| 510 | 1 | @aThe Measure of All Things@zeng |
| 606 | 0 | @a米制@x历史@y世界 |
| 606 | 0 | @a自然科学@x普及读物 |
| 690 | @aTB911-091@v5 | |
| 690 | @aN49@v4 | |
| 701 | 0 | @c(美)@a奥尔德@9ao er de@c(Alder, Ken)@4著 |
| 702 | 0 | @a张庆@9zhang qing@4译 |
| 801 | 0 | @aCN@bTSSF@c20150119 |
| 905 | @aZUCC@dN49@eJY161 | |
| 万物之尺/(美)肯·奥尔德(Ken Alder)著/张庆译.-北京:当代中国出版社,2004 |
| 23,280页:图;23cm |
| ISBN 7-80170-348-0:CNY28.50 |
| 本书记录了人类科学史上发生的一段故事,首次披露了200年前米制确立存在惊人误差,真实重现了动荡历史中丈量地球的艰辛历程。 |
| ● |
| 相关链接 |
|
|
|
|
正题名:万物之尺
索取号:N49/JY161
 
预约/预借
| 序号 | 登录号 | 条形码 | 馆藏地/架位号 | 状态 | 备注 |
| 1 | 7849246 | 278492463 | 学院路分馆/ [索取号:N49/JY161] | 在馆 | |
| 2 | 7849247 | 278492472 | 学院路分馆/ [索取号:N49/JY161] | 在馆 | |
| 3 | 7849248 | 278492481 | 学院路分馆/ [索取号:N49/JY161] | 在馆 | |
| 4 | 7849249 | 278492490 | 学院路分馆/ [索取号:N49/JY161] | 在馆 |